| 000 | 00825nmc a2200289 a 4500 | ||
|---|---|---|---|
| 003 | AR-X00000XO | ||
| 005 | 20251128212030.0 | ||
| 008 | 197020s2007 ||||||||||||||000 | spa|| | ||
| 020 | _a978-950-40-0202-4 | ||
| 040 | _cAR-X00000XO | ||
| 100 | 1 | _aHesse, Hermann | |
| 245 | 1 | 0 |
_aDemian _bhistoria de la juventud de Emil Sinclair |
| 250 | _a2ยช ed. | ||
| 260 |
_aBuenos Aires _bAlianza Editorial _c2007 |
||
| 300 | 0 | _a175 p. | |
| 490 | 0 | _aLibro de Bolsillo | |
| 500 | 0 | _aLibros distribuidos por el MECYT en el marco del PROMSE 2007 | |
| 650 | 4 | _aLITERATURA ALEMANA | |
| 650 | 4 | _aFILOSOFIA LITERARIA | |
| 650 | 4 | _aLITERATURA CONTEMPORANEA | |
| 653 | 0 | _aNARRATIVA | |
| 653 | 0 | _aNOVELA DE APRENDIZAJE | |
| 655 | _aLITERATURA | ||
| 700 | 1 |
_aDietrich, Genoveva _etraductor |
|
| 942 | _cBK | ||
| 998 | _calexandra | ||
| 999 |
_c22167 _d22167 |
||